| 000 | 01250nam a22003497a 4500 | ||
|---|---|---|---|
| 003 | CHAP | ||
| 005 | 20220329134127.0 | ||
| 008 | 971013s1964 r 00010 d | ||
| 010 | _a15806 | ||
| 011 | _a16778 | ||
| 035 | _a20860 | ||
| 040 | _cCHAP | ||
| 082 |
_a330.109 _bH58Y |
||
| 245 | _aHistoria de las doctrinas económicas | ||
| 260 |
_aMéxico, D.F. : _bGrijalbo, _c1964 |
||
| 300 | _a2 v. | ||
| 490 | _aCiencias económicas y sociales | ||
| 590 |
_aBATCH-UPD _b10 _c20130110 _lUCH01 _h0157 |
||
| 590 |
_aBATCH-UPD _b10 _c20130110 _lUCH01 _h1827 |
||
| 590 |
_aBATCH-UPD _b10 _c20130409 _lUCH01 _h2202 |
||
| 590 |
_aBATCH-UPD _b10 _c20130410 _lUCH01 _h1159 |
||
| 590 |
_aBATCH-UPD _b10 _c20130914 _lUCH01 _h0935 |
||
| 590 |
_aCONVERSION _b10 _c20130109 _lUCH01 _h1310 |
||
| 650 | 1 | 4 |
_aEconomía _xHistoria. _935238 |
| 830 | 0 |
_aCiencias económicas y sociales _923179 |
|
| 901 | _aBK | ||
| 942 | _cLIBRO | ||
| 949 |
_a330.109 H58Y _bBC _cLIBRO _d33724000312252 _eLIBRO _fv.2 _h45651 _i20860 _si |
||
| 949 |
_a330.109 H58Y _bBC _cLIBRO _d33724000315131 _eLIBRO _fv.2 c.2 _h45653 _i20860 _si |
||
| 949 |
_a330.109 H58Y _bBC _cLIBRO _d33724000679759 _eLIBRO _fv.1 c.2 _h45652 _i20860 _si |
||
| 949 |
_a330.109 H58Y _bBC _cLIBRO _d33724000831558 _eLIBRO _fv.1 _h45650 _i20860 _si |
||
| 999 |
_c15806 _d15806 |
||